[Event "10th Essent op"]
[Site "Hoogeveen NED"]
[Date "2006.10.28"]
[Round "9.25"]
[White "Schenkeveld, Daniel"]
[Black "Okkes, Menno"]
[Result "0-1"]
[WhiteElo "2036"]
[BlackElo "2355"]
[EventDate "2006.10.20"]
[PlyCount "100"]

1.e4 c6 2.d4 d5 3.Nd2 dxe4 4.Nxe4 Bf5 5.Ng3 Bg6 6.Nf3 Nd7 7.h4 h6 8.h5 Bh7
9.Bd3 Bxd3 10.Qxd3 e6 11.Bf4 Qa5+ 12.Bd2 Bb4 13.c3 Be7 14.c4 Qc7 15.O-O-O 
Ngf6 16.Kb1 O-O 17.Ne4 Rad8 18.Nxf6+ Nxf6 19.Qe2 c5 20.Bc3 Qf4 21.d5 Qe4+ 
22.Qxe4 Nxe4 23.Rhe1 exd5 24.cxd5 f5 25.Re2 Bd6 26.Nh4 b5 27.f3 Ng3 28.Re6
Nxh5 29.Be5 Bxe5 30.Rxe5 Ng3 31.d6 Rd7 32.Rxc5 Rf6 33.Rxb5 g5 34.Rc5 gxh4 
35.Rc7 Rff7 36.Rc8+ Kg7 37.a4 f4 38.a5 Nf5 39.Rc6 Kf6 40.Ra6 Ke5 41.b4 
Rxd6 42.Raxd6 Nxd6 43.Kc2 Rg7 44.Kc3 Rxg2 45.Re1+ Kd5 46.Rd1+ Kc6 47.Kd4 
h3 48.Ke5 Nc4+ 49.Kxf4 h2 50.Rh1 Nd2 0-1

[Event "10th Essent op"]
[Site "Hoogeveen NED"]
[Date "2006.10.28"]
[Round "9.26"]
[White "Vul, Arkady"]
[Black "Mijnheer, Peter"]
[Result "1-0"]
[WhiteElo "2365"]
[BlackElo "2232"]
[EventDate "2006.10.20"]
[PlyCount "122"]

1.Nf3 Nf6 2.c4 c5 3.Nc3 Nc6 4.d4 cxd4 5.Nxd4 e6 6.Ndb5 d5 7.Bf4 e5 8.cxd5 
exf4 9.dxc6 bxc6 10.Qxd8+ Kxd8 11.O-O-O+ Bd7 12.Nd6 Bxd6 13.Rxd6 Ng4 14.
Nd1 Kc7 15.Rd4 g5 16.h3 Nf6 17.e3 c5 18.Rc4 Be6 19.Rxc5+ Kd6 20.Rc2 Bxa2 
21.h4 Bb3 22.Rd2+ Ke7 23.hxg5 Ne4 24.Rd4 Rhc8+ 25.Nc3 Nxf2 26.Rxh7 fxe3 
27.g6 Rh8 28.Nd5+ Bxd5 29.Rxd5 Rac8+ 30.Kb1 Rxh7 31.gxh7 Rh8 32.Re5+ Kf8 
33.Rxe3 Rxh7 34.Bc4 Ng4 35.Ra3 f6 36.Bd5 Ne5 37.Ra6 Rh6 38.Rxa7 Ng4 39.b4 
Ne3 40.Bc6 Rh4 41.b5 Rb4+ 42.Kc1 Nc4 43.Kc2 Nd6 44.Kc3 Rxb5 45.Ra8+ Kg7 
46.Bxb5 Nxb5+ 47.Kc4 Nd6+ 48.Kd5 Nf5 49.Ra4 Kf7 50.Re4 Ne7+ 51.Kd6 Nf5+ 
52.Kd7 Ng3 53.Rf4 Nh5 54.Rg4 f5 55.Rh4 Nf6+ 56.Kd6 Kg6 57.Ke6 Ne4 58.Ke5 
Ng5 59.Ra4 Ne4 60.g4 Nc5 61.gxf5+ Kg5 1-0

[Event "10th Essent op"]
[Site "Hoogeveen NED"]
[Date "2006.10.28"]
[Round "9.28"]
[White "Bensdorp, Marlies"]
[Black "Van der Veen, Jan"]
[Result "1/2-1/2"]
[WhiteElo "2264"]
[BlackElo "2142"]
[EventDate "2006.10.20"]
[PlyCount "80"]

1.d4 Nf6 2.c4 g6 3.Nf3 Bg7 4.g3 O-O 5.Bg2 d6 6.O-O c6 7.Nc3 Bf5 8.Nh4 Be6 
9.d5 cxd5 10.cxd5 Bd7 11.e4 b5 12.a3 a5 13.Qe2 Qb6 14.Be3 Qb7 15.e5 Ng4 
16.e6 Nxe3 17.fxe3 Be8 18.exf7+ Rxf7 19.Rxf7 Kxf7 20.Nf3 b4 21.Ng5+ Kg8 
22.Nd1 Na6 23.Ne6 Bf6 24.Rc1 Rc8 25.Qd2 Bd7 26.Rxc8+ Qxc8 27.Nd4 Qc5 28.
axb4 axb4 29.Nb3 Qc4 30.Nc1 Nc5 31.Bf1 Nb3 32.Nxb3 Qxb3 33.Qd3 Qxd3 34.
Bxd3 Ba4 35.Be2 Bc2 36.Kf2 Kf7 37.Ke1 Be4 38.Bc4 Bc2 39.b3 Be5 40.Kd2 Bxd1
1/2-1/2

[Event "10th Essent op"]
[Site "Hoogeveen NED"]
[Date "2006.10.28"]
[Round "9.29"]
[White "Hendriks, Richard V"]
[Black "De Jong, Migchiel"]
[Result "0-1"]
[WhiteElo "2106"]
[BlackElo "2263"]
[EventDate "2006.10.20"]
[PlyCount "90"]

1.e4 c5 2.Nf3 e6 3.d4 cxd4 4.Nxd4 a6 5.Bd3 Bc5 6.Nb3 Ba7 7.O-O Ne7 8.c4 d6
9.N1d2 Nbc6 10.Nf3 O-O 11.Qe2 e5 12.Nh4 Be6 13.Kh1 Rc8 14.Bd2 a5 15.Bc3 a4
16.Nd2 Nd4 17.Qh5 Ng6 18.g3 Nxh4 19.gxh4 Qf6 20.f4 g6 21.Qh6 Qg7 22.Qg5 
Bh3 23.Bxd4 Bxf1 24.Bxa7 Bxd3 25.Rc1 b5 26.f5 f6 27.Qe3 Bxc4 28.Nxc4 Rxc4 
29.Rg1 Kh8 30.fxg6 hxg6 31.b3 axb3 32.axb3 Rc7 33.Bb6 Rb7 34.Ba5 Qh7 35.
Bb4 Rd8 36.Qf2 Rf7 37.Qb6 Rfd7 38.Qf2 Qf7 39.Ba5 Ra8 40.Bb4 d5 41.h5 g5 
42.h4 dxe4 43.Qf5 e3 44.Bc3 Ra2 45.Rg2 Rd1+ 0-1

[Event "10th Essent op"]
[Site "Hoogeveen NED"]
[Date "2006.10.28"]
[Round "9.30"]
[White "Doggers, Peter"]
[Black "Cako, Laszlo"]
[Result "1-0"]
[WhiteElo "2252"]
[BlackElo "2174"]
[EventDate "2006.10.20"]
[PlyCount "79"]

1.e4 e5 2.Nf3 Nc6 3.Bb5 a6 4.Ba4 Nf6 5.O-O Be7 6.Re1 b5 7.Bb3 O-O 8.h3 d6 
9.c3 Nb8 10.d4 Nbd7 11.Nbd2 Bb7 12.Bc2 Re8 13.Nf1 Bf8 14.Ng3 g6 15.a4 c5 
16.d5 c4 17.Bg5 h6 18.Be3 Qc7 19.Qd2 Kh7 20.Nh2 Nc5 21.Rf1 Bg7 22.f4 bxa4 
23.Rae1 a5 24.fxe5 dxe5 25.Rf3 Ra6 26.Ref1 Rf8 27.Qf2 Nd3 28.Bxd3 cxd3 29.
Bc5 Rc8 30.Ba3 Qb6 31.Rxd3 Kg8 32.Rf3 h5 33.h4 Rc4 34.d6 Qxf2+ 35.R3xf2 
Nd7 36.Rxf7 Bc8 37.Nf3 Bf8 38.Nxe5 Bxd6 39.Nxc4 Bxg3 40.Rf8+ 1-0

[Event "10th Essent op"]
[Site "Hoogeveen NED"]
[Date "2006.10.28"]
[Round "9.31"]
[White "Schuurman, Petra"]
[Black "Wielenga, Wiebe"]
[Result "1-0"]
[WhiteElo "2239"]
[BlackElo "2154"]
[EventDate "2006.10.20"]
[PlyCount "61"]

1.Nf3 Nf6 2.c4 e6 3.Nc3 b6 4.e4 d6 5.d4 Bb7 6.Bd3 c5 7.d5 e5 8.O-O g6 9.
Bc2 Bc8 10.Ne1 Nh5 11.g3 Bh3 12.Ba4+ Bd7 13.Ng2 Bxa4 14.Qxa4+ Qd7 15.Nb5 
Kd8 16.Qa3 a6 17.Rb1 Qb7 18.Nc3 Nd7 19.b4 Bg7 20.bxc5 Nxc5 21.Be3 Qa7 22.
Na4 Rb8 23.f4 Ke7 24.f5 Nf6 25.Nxc5 bxc5 26.Bg5 h6 27.Bxf6+ Bxf6 28.Rxb8 
Rxb8 29.fxg6 fxg6 30.Qf3 Rf8 31.Qg4 1-0

[Event "10th Essent op"]
[Site "Hoogeveen NED"]
[Date "2006.10.28"]
[Round "9.32"]
[White "Van Weersel, Arlette"]
[Black "Kleijn, Christov"]
[Result "1-0"]
[WhiteElo "2156"]
[BlackElo "2108"]
[EventDate "2006.10.20"]
[PlyCount "49"]

1.e4 e6 2.d3 d5 3.Nd2 Nf6 4.Ngf3 b6 5.c3 dxe4 6.dxe4 Bc5 7.Bb5+ c6 8.Be2 
O-O 9.O-O Qc7 10.Qc2 Nbd7 11.b3 Nh5 12.Nc4 Nf4 13.Bxf4 Qxf4 14.e5 Ba6 15.
g3 Qh6 16.Rad1 Rad8 17.Qe4 Bb7 18.b4 Be7 19.Nd4 Nb8 20.b5 Rd5 21.Ne3 c5 
22.Ndf5 exf5 23.Nxf5 Qe6 24.Rxd5 Nd7 25.Qg4 1-0

[Event "10th Essent op"]
[Site "Hoogeveen NED"]
[Date "2006.10.28"]
[Round "9.33"]
[White "Tondivar, Babak"]
[Black "Van Geffen, Ben"]
[Result "1/2-1/2"]
[WhiteElo "2367"]
[BlackElo "2132"]
[EventDate "2006.10.20"]
[PlyCount "102"]

1.d4 Nf6 2.c4 c5 3.d5 e6 4.Nc3 exd5 5.cxd5 d6 6.Nf3 g6 7.g3 Bg7 8.Bg2 O-O 
9.O-O a6 10.a4 Nbd7 11.Nd2 Rb8 12.Nc4 Ne8 13.Bf4 Ne5 14.Nxe5 Bxe5 15.Bxe5 
dxe5 16.a5 Bd7 17.Qd2 Bb5 18.Rfc1 b6 19.axb6 Qxb6 20.Qe3 Nd6 21.Qxe5 Rfe8 
22.Qf4 Bxe2 23.Na4 Qd8 24.Rxc5 Bd3 25.Rd1 Be4 26.Rc6 Qa5 27.Rxd6 Qxa4 28.
Re1 Bc2 29.Rxe8+ Qxe8 30.h4 Rxb2 31.Qf6 Rb7 32.Rxa6 Be4 33.Qd4 Bxg2 34.
Kxg2 Qd7 35.Kh2 Qb5 36.Ra7 Qb6 37.Qxb6 Rxb6 38.Kg2 Rb5 39.d6 Rd5 40.Ra6 
Kg7 41.Kf3 Kf6 42.Ke4 Rd1 43.d7+ Ke7 44.Ra7 Rxd7 45.Rxd7+ Kxd7 46.Ke5 Ke7 
47.g4 f6+ 48.Kd5 h6 49.f4 Kd7 50.f5 gxf5 51.gxf5 h5 1/2-1/2

[Event "10th Essent op"]
[Site "Hoogeveen NED"]
[Date "2006.10.28"]
[Round "9.34"]
[White "Goudriaan, Etienne"]
[Black "Kuipers, Stefan"]
[Result "0-1"]
[WhiteElo "2065"]
[BlackElo "2252"]
[EventDate "2006.10.20"]
[PlyCount "102"]

1.d4 d5 2.Nf3 Nf6 3.c4 c6 4.Nc3 dxc4 5.a4 Bf5 6.e3 e6 7.Bxc4 Bb4 8.O-O O-O
9.Nh4 Re8 10.Nxf5 exf5 11.Qb3 Qe7 12.Bxf7+ Qxf7 13.Qxb4 Na6 14.Qa5 Nd5 15.
Nxd5 Qxd5 16.Qxd5+ cxd5 17.Bd2 Rac8 18.Rfc1 Kf7 19.f3 Ke6 20.Kf2 Kd7 21.b4
Nc7 22.Rc5 b6 23.Rc3 Ne6 24.Rac1 a6 25.Rxc8 Rxc8 26.Rxc8 Kxc8 27.Bc3 Kd7 
28.h4 Nc7 29.h5 Ke6 30.Kg3 b5 31.a5 Kf6 32.Kh4 Ne8 33.Be1 Nd6 34.Bg3 Nc4 
35.Bf4 g6 36.g4 Nd2 37.Be5+ Ke6 38.Kg3 fxg4 39.hxg6 hxg6 40.Kxg4 Nc4 41.
Kf4 Nxa5 42.Kg5 Nc6 43.Kxg6 a5 44.bxa5 b4 45.f4 b3 46.f5+ Kd7 47.f6 b2 48.
f7 Nxe5+ 49.dxe5 b1=Q+ 50.Kg7 Qg1+ 51.Kf8 Ke6 0-1

[Event "10th Essent op"]
[Site "Hoogeveen NED"]
[Date "2006.10.28"]
[Round "9.36"]
[White "Weeks, Manuel"]
[Black "Kulago, Alexander"]
[Result "1-0"]
[WhiteElo "2247"]
[BlackElo "2114"]
[EventDate "2006.10.20"]
[PlyCount "59"]

1.e4 e5 2.Nf3 Nc6 3.Bb5 g6 4.d4 exd4 5.c3 Nge7 6.Bg5 Bg7 7.cxd4 O-O 8.Nc3 
h6 9.Bxe7 Nxe7 10.O-O c6 11.Be2 d5 12.e5 f6 13.Qd2 Bg4 14.exf6 Rxf6 15.Ne5
Bxe2 16.Nxe2 Qd6 17.Rae1 Nf5 18.Nf4 h5 19.Nh3 Bh6 20.f4 Re6 21.g4 hxg4 22.
Nxg4 Re4 23.Nxh6+ Nxh6 24.Ng5 Rxe1 25.Rxe1 Rf8 26.Re6 Qxf4 27.Rxg6+ Kh8 
28.Rxh6+ Kg8 29.Rg6+ Kh8 30.Qe2 1-0

[Event "10th Essent op"]
[Site "Hoogeveen NED"]
[Date "2006.10.28"]
[Round "9.37"]
[White "Hendriks, Peter"]
[Black "Otte, Marijn Willem"]
[Result "1/2-1/2"]
[WhiteElo "2092"]
[BlackElo "2162"]
[EventDate "2006.10.20"]
[PlyCount "44"]

1.d4 Nf6 2.c4 d6 3.Nc3 e5 4.Nf3 Nbd7 5.g3 c6 6.Bg2 Qc7 7.O-O Be7 8.h3 O-O 
9.Be3 Rd8 10.Qc2 b6 11.Rfd1 Bb7 12.Rac1 Rac8 13.a3 Qb8 14.b4 d5 15.dxe5 
Nxe5 16.Nxe5 Qxe5 17.cxd5 cxd5 18.Bd4 Qe6 19.Qb2 Ba6 20.e3 Bc4 21.Ne2 Bxe2
22.Qxe2 Ne4 1/2-1/2

[Event "10th Essent op"]
[Site "Hoogeveen NED"]
[Date "2006.10.28"]
[Round "9.38"]
[White "Friesen, Boris"]
[Black "Woudt, Edwin"]
[Result "1/2-1/2"]
[WhiteElo "2154"]
[BlackElo "2072"]
[EventDate "2006.10.20"]
[PlyCount "36"]

1.e4 e5 2.Nf3 Nc6 3.Bb5 a6 4.Bxc6 dxc6 5.O-O Qf6 6.d3 Bg4 7.Nbd2 Ne7 8.h3 
h5 9.Nc4 Bxf3 10.Qxf3 Qxf3 11.gxf3 Ng6 12.Be3 O-O-O 13.Rfd1 c5 14.Kf1 Be7 
15.Ke2 b6 16.Rg1 Bf6 17.a4 Kb7 18.Rab1 Rhe8 1/2-1/2

[Event "10th Essent op"]
[Site "Hoogeveen NED"]
[Date "2006.10.28"]
[Round "9.39"]
[White "Hendriks, Theo"]
[Black "Rooda, Kai P"]
[Result "0-1"]
[WhiteElo "2090"]
[BlackElo "2148"]
[EventDate "2006.10.20"]
[PlyCount "126"]

1.e4 e5 2.Nf3 Nc6 3.Bb5 Nf6 4.d3 Bc5 5.c3 d6 6.O-O O-O 7.Bg5 a6 8.Ba4 h6 
9.Bh4 Bg4 10.h3 Bxf3 11.Qxf3 g5 12.Bxc6 bxc6 13.Bg3 Kg7 14.Nd2 Nd7 15.Nb3 
Qf6 16.Qxf6+ Kxf6 17.Na5 Nb8 18.Rad1 Bb6 19.Nc4 Ke6 20.d4 f6 21.Ne3 a5 22.
Nf5 Rh8 23.f3 a4 24.Bf2 Nd7 25.Ra1 h5 26.b4 axb3 27.axb3 h4 28.b4 c5 29.
bxc5 dxc5 30.d5+ Kf7 31.Ne3 Ra5 32.Rxa5 Bxa5 33.Ra1 Bxc3 34.Ra7 Bd4 35.Nf5
Rc8 36.d6 Ke6 37.dxc7 Nf8 38.Ra6+ Kd7 39.Rxf6 Kxc7 40.Ne7 Re8 41.Nd5+ Kb7 
42.Kf1 Ne6 43.Ke2 c4 44.Be1 Nf4+ 45.Nxf4 gxf4 46.Bxh4 Ra8 47.g4 Ra2+ 48.
Kd1 c3 49.Be1 Ra1+ 50.Ke2 c2 51.Bd2 Bc3 52.Rf7+ Kb6 53.Rf6+ Kb5 54.Rf8 
Bxd2 55.Rb8+ Kc4 56.Rc8+ Kb3 57.Kxd2 Rd1+ 58.Ke2 c1=Q 59.Rxc1 Rxc1 60.h4 
Kb4 61.g5 Rh1 62.g6 Rg1 63.h5 Rg5 0-1

[Event "10th Essent op"]
[Site "Hoogeveen NED"]
[Date "2006.10.28"]
[Round "9.40"]
[White "Dibala, Radovan"]
[Black "Malinarski, Yehuda"]
[Result "1/2-1/2"]
[WhiteElo "2119"]
[BlackElo "2126"]
[EventDate "2006.10.20"]
[PlyCount "46"]

1.d4 Nf6 2.Nf3 e6 3.e3 b6 4.Bd3 Bb7 5.Nbd2 c5 6.c3 d5 7.O-O Bd6 8.Qe2 O-O 
9.e4 dxe4 10.Nxe4 Nxe4 11.Bxe4 Bxe4 12.Qxe4 Nd7 13.Re1 Rc8 14.Bg5 Qc7 15.
Rad1 Rfe8 16.h3 Nf8 17.Qd3 h6 18.Bh4 Ng6 19.dxc5 Bxc5 20.Qe4 Nxh4 21.Qxh4 
Rcd8 22.Qe4 Rxd1 23.Rxd1 Rd8 1/2-1/2

[Event "10th Essent op"]
[Site "Hoogeveen NED"]
[Date "2006.10.28"]
[Round "9.41"]
[White "Galje, Hans"]
[Black "Ebels, Theo"]
[Result "1-0"]
[WhiteElo "2110"]
[BlackElo "2101"]
[EventDate "2006.10.20"]
[PlyCount "93"]

1.d4 d5 2.c4 c6 3.cxd5 cxd5 4.Bf4 Nf6 5.Nc3 Nc6 6.e3 e6 7.Bd3 Qb6 8.Nge2 
Bd7 9.O-O Nh5 10.Bg3 Nb4 11.Bb1 Nxg3 12.hxg3 g6 13.a3 Nc6 14.b4 a6 15.Bd3 
Na7 16.Qd2 Be7 17.Rac1 O-O 18.e4 dxe4 19.Nxe4 Nb5 20.Nc5 Bc6 21.a4 Nc7 22.
a5 Qa7 23.Nd7 Nd5 24.Nxf8 Bxb4 25.Qa2 Rxf8 26.Bc4 Rd8 27.Rfd1 Kg7 28.Qa1 
Kg8 29.Rb1 Be7 30.Nc1 Bf6 31.Nb3 Nb4 32.Qc3 Nd5 33.Qd2 Ba4 34.Nc5 Bxd1 35.
Rxb7 Qa8 36.Bxd5 Rxd5 37.Qf4 Qxb7 38.Nxb7 Bxd4 39.Nd6 f5 40.Nc4 Be2 41.
Qb8+ Kg7 42.Nb6 Rc5 43.Nd7 Rc1+ 44.Kh2 g5 45.Qf8+ Kg6 46.Qg8+ Kh6 47.Qxe6+
1-0

[Event "10th Essent op"]
[Site "Hoogeveen NED"]
[Date "2006.10.28"]
[Round "9.42"]
[White "Ten Hagen, Yorick"]
[Black "Drost, Peter"]
[Result "1/2-1/2"]
[WhiteElo "2077"]
[BlackElo "2137"]
[EventDate "2006.10.20"]
[PlyCount "26"]

1.d4 d5 2.Nf3 Nf6 3.g3 e6 4.Bg2 Be7 5.O-O O-O 6.b3 c5 7.Bb2 Nc6 8.Nbd2 
cxd4 9.Nxd4 Qb6 10.N2f3 Ne4 11.Nxc6 bxc6 12.Ne5 f5 13.c4 Bc5 1/2-1/2